| 000 | 00591nam a2200145Ia 4500 | ||
|---|---|---|---|
| 008 | 170221s9999 xx 000 0 und d | ||
| 100 | _aOng Choon Hee | ||
| 245 | 4 | _aThe Influence of Human Resource Management Practices on Career Satisfaction: Evidence from Malaysia | |
| 245 | _cOng Choon Hee, Teo Yin Cheng, Chang Chun Yaw, Wong Vee Gee, Siti Maryam Kamaludin, Jasveena R. Prabhagaran | ||
| 260 | _bInternational Review of Management and Marketing | ||
| 260 | _cJune 2012 | ||
| 300 | _a4:1 | ||
| 650 | _xMarketing. | ||
| 856 | _uhttp://www.econjournals.com/index.php/irmm/issue/view/82 | ||
| 999 |
_c310448 _d310448 |
||